Délmagyarország. - 1928. június 23., Szombat
Elmentve itt :
| Dokumentumtípus: | Újság |
|---|---|
| Megjelent: |
1928-06-23
|
| Sorozat: | Délmagyarország
4 No. 141 |
| Online Access: | http://dmarchiv.bibl.u-szeged.hu/5627 |
| LEADER | 00486nas a2200145 i 4500 | ||
|---|---|---|---|
| 001 | delm5627 | ||
| 005 | 20200414150859.0 | ||
| 008 | 171213s1928 hu n o 0|| hun d | ||
| 022 | |a 0133-025X | ||
| 040 | |a SZTE Délmagyarország Archívum |b hun | ||
| 041 | |a hun | ||
| 245 | 0 | 0 | |a Délmagyarország. - 1928. június 23., Szombat |h [elektronikus dokumentum] |
| 260 | |c 1928-06-23 | ||
| 490 | 0 | |a Délmagyarország |v 4 No. 141 | |
| 856 | 4 | 0 | |u http://dmarchiv.bibl.u-szeged.hu/5627/1/dm_1928_141.pdf |z Dokumentum-elérés |